Statistiques concernant Culture Générale - Série 1436

Cliquez ici pour prendre le quiz!

Statistiques générales

  • Ce quiz a été pris 50 fois
  • Le résultat moyen est 5 sur 10

Statistiques - réponses

Question Réponse % Correct
Dans quelle ville des États-Unis se trouvent Central Park, Pelham Bay Park et Bronx Park ?New York
96%
Quel amphibien a donné son nom à un fauteuil bas, entièrement capitonné ?crapaud
83%
De quel pays, Benazir Bhutto fut-elle Premier ministre ?Pakistan
57%
En 1970, à quel groupe de rock britannique appartiennent Peter Gabriel le chanteur et Phil Collins le batteur ?Genesis
51%
La deuxième femme qu'épousa le roi Henri VIII d'Angleterre s'appelait Anne...Boleyn
47%
Dans les années 80, quel frère de Michael Jackson connaît un grand succès avec la chanson : "Do What You Do" ?Jermaine
34%
De quel pays font partie les îles ABC ( Aruba-Bonaire-Curaçao) ?Pays Bas
34%
Quel opéra de Beethoven avait pour titre initial "Léonore ou l'Amour conjugal" ?Fidelio
21%
Quel peintre français est l'auteur des "Hasards heureux de l'escarpolette” en 1767 ?Jean-Honoré Fragonard
21%
En 1608, quel explorateur français, prénommé Samuel, fonda la ville de Québec ?Champlain
21%

Distribution des résultats

Percentile par nombre de réponses

% des personnes avec chaque résultat

Votre développement - résultats

Vous n’avez pas pris ce quiz